Equity and trusts in Uganda / (Record no. 519)

MARC details
000 -LEADER
fixed length control field 00878cam a2200301 a 4500
001 - CONTROL NUMBER
control field 13525486
003 - CONTROL NUMBER IDENTIFIER
control field OSt
005 - DATE AND TIME OF LATEST TRANSACTION
control field 20150622125619.0
008 - FIXED-LENGTH DATA ELEMENTS--GENERAL INFORMATION
fixed length control field 040112s2003 ug b 001 0 eng
010 ## - LIBRARY OF CONGRESS CONTROL NUMBER
LC control number 2003406757
020 ## - INTERNATIONAL STANDARD BOOK NUMBER
Cancelled/invalid ISBN 9970413061
035 ## - SYSTEM CONTROL NUMBER
System control number (DLC) 2003406757
040 ## - CATALOGING SOURCE
Original cataloging agency DLC
Transcribing agency DLC
042 ## - AUTHENTICATION CODE
Authentication code lcode
043 ## - GEOGRAPHIC AREA CODE
Geographic area code f-ug---
050 00 - LIBRARY OF CONGRESS CALL NUMBER
Classification number KTW49
Item number .B35 2003
082 ## - DEWEY DECIMAL CLASSIFICATION NUMBER
Classification number 346.05 BAK
100 1# - MAIN ENTRY--PERSONAL NAME
Personal name Bakibinga, D. J.
9 (RLIN) 483
245 10 - TITLE STATEMENT
Title Equity and trusts in Uganda /
Statement of responsibility, etc D.J. Bakibinga.
260 ## - PUBLICATION, DISTRIBUTION, ETC. (IMPRINT)
Place of publication, distribution, etc Kampala :
Name of publisher, distributor, etc Professional Books Publishers,
Date of publication, distribution, etc 2003.
300 ## - PHYSICAL DESCRIPTION
Extent xlix, 313 p. ;
Dimensions 30 cm.
504 ## - BIBLIOGRAPHY, ETC. NOTE
Bibliography, etc Includes bibliographical references and index.
650 #0 - SUBJECT ADDED ENTRY--TOPICAL TERM
Topical term or geographic name as entry element Equity
Geographic subdivision Uganda.
9 (RLIN) 1513
650 #0 - SUBJECT ADDED ENTRY--TOPICAL TERM
Topical term or geographic name as entry element Trust and trustees
Geographic subdivision Uganda.
9 (RLIN) 1514
906 ## - LOCAL DATA ELEMENT F, LDF (RLIN)
a 7
b cbc
c origode
d 3
e ncip
f 20
g y-gencatlg
942 ## - ADDED ENTRY ELEMENTS (KOHA)
Source of classification or shelving scheme Dewey Decimal Classification
Koha item type Books
Holdings
Withdrawn status Lost status Source of classification or shelving scheme Damaged status Not for loan Home library Current library Shelving location Date acquired Total Checkouts Full call number Barcode Date last seen Price effective from Koha item type
    Dewey Decimal Classification     Law Development Centre Main Library Archives Text Books and Laws 04/22/2011   346.05 BAK 91030 04/22/2011 04/22/2011 Books
    Dewey Decimal Classification     Law Development Centre Main Library Archives Text Books and Laws 04/22/2011   346.05 BAK 91029 04/22/2011 04/22/2011 Books